| 000 | 00466nam a22001697a 4500 | ||
|---|---|---|---|
| 005 | 20251210173034.0 | ||
| 008 | 200521b xxu||||| |||| 00| 0 eng d | ||
| 020 | _a9789388983327 | ||
| 041 | _aeng | ||
| 082 | _a336.2 SIN | ||
| 100 |
_aSInghania ,Dr. Vinod K and Singhania ,Dr. Kapil _95734 |
||
| 245 | _aStudent Guide to Income Tax Including GST(61st ed) | ||
| 250 | _a61'th ed. AND 73RD ED. | ||
| 260 |
_aNew Delhi _bTaxman _c2019 |
||
| 650 | _aLaw | ||
| 942 | _cBK | ||
| 999 |
_c6396 _d6394 |
||